The Time of the Eleventh Doctor Quiz Stats

 Plays Quiz not verified by Sporcle

Score 0/23 Timer 10:00
0 Plays Today
% Correct
Oswald
97.2%
He came back as a Roman
96.6%
Karen Gillan
96.1%
Matt Smith
96.1%
Arthur Darvill
95.5%
She had died twice before
94.9%
Clara
94.9%
Richard Nixon
94.4%
Spoilers
93.8%
Melody
93.8%
26th June
93.8%
Nose
93.3%
% Correct
Dalek
93.3%
Neither
92.7%
Weeping Angel
92.1%
82
91.6%
She can regenerate
91%
Scotland
91%
Amy
90.4%
True
88.2%
Jeff
81.5%
86
75.8%
Rory
75.3%

You're not logged in!

Compare scores with friends on all Sporcle quizzes.
OR
Log In

Show Comments

Extras

Top Quizzes Today


Score Distribution

Your Account Isn't Verified!

In order to create a playlist on Sporcle, you need to verify the email address you used during registration. Go to your Sporcle Settings to finish the process.

Report this User

Report this user for behavior that violates our Community Guidelines.

Details: